Belonging but Not Believing (Record no. 17482)
[ view plain ]
| 000 -LEADER | |
|---|---|
| fixed length control field | 00598nam a2200241 a 4500 |
| 020 ## - INTERNATIONAL STANDARD BOOK NUMBER | |
| ISBN | 9788184580884 |
| 082 00 - DEWEY DECIMAL CLASSIFICATION NUMBER | |
| Classification number | 392.5 |
| Author Cutter | SAH |
| 100 ## - MAIN ENTRY--AUTHOR NAME | |
| Author name | Sahanam, L E |
| 245 ## - TITLE STATEMENT | |
| Title | Belonging but Not Believing |
| Sub title | Interfaith Marriage |
| 260 ## - PUBLICATION, DISTRIBUTION, ETC. (IMPRINT) | |
| Place of publication | Delhi |
| Name of publisher | ISPCK |
| Year of publication | 2009 |
| 300 ## - PHYSICAL DESCRIPTION | |
| Number of Pages | 127p |
| 500 ## - GENERAL NOTE | |
| General note | includes index and biblioraphy |
| 505 2# - FORMATTED CONTENTS NOTE | |
| Formatted contents note | biblio |
| 650 ## - SUBJECT ADDED ENTRY--TOPICAL TERM | |
| Topical Term | Marriage-Interfaith |
| 942 ## - ADDED ENTRY ELEMENTS (KOHA) | |
| Koha item type | Books |
| 700 1# - | |
| -- | Sahanam, L E |
| Collection code | Home library | Current library | Date acquired | Cost, normal purchase price | Full call number | Accession Number | Koha item type |
|---|---|---|---|---|---|---|---|
| Henry Martyn Institute Library | Henry Martyn Institute Library | 01/01/2005 | 150.00 | 392.5 SAH | 024716 | Books |
